01502nam a22002897a 4500001000500000005001700005020001800022040003200040082001100072100002100083245018400104250008300288260003300371300004800404490003600452505000700488520027500495520012700770521002900897521002000926650010100946650003401047700003601081700003301117700003101150700003101181142120250530113720.0 a9789995054984 aFISKH bengcFISKH dFISKH  a591.77 aLouisy, Patrick  aសត្វសមុទ្រ / cនិពន្ធដោយ Patrick Louisy - គូររូបដោយ Catherine Fichaux, Claire Felloni, Jean Grosson និង Pascal Robin  aបោះពុម្ពលើកទី ៦ កក្កដា ២០២១​ aToulouse : bSipar, c2005.  a37 pages : bcolor illustrations ; c25 cm  aស្វែងយល់ពី  aZ  aបង្ហាញពីប្រភេទសត្វខុសៗគ្នានៅក្នុងសមុទ្រ អំពីការរស់នៅ រូបរាងលក្ខណៈ និងចំណីអាហា​រដែលពួកវាស៊ី។  aDescribe the different species of animals in the sea about their life, appearance, characteristics, and the food they eat. a890 bLexile estimate  aZ bRaz-Plus  aសត្វនៅក្នុងទឹក vចំណីាអាហារxរូបរាង  aSea animalsvFoodxAppearance aCatherine Fichauxcillustrator  aClaire Fellonicillustrator  aJean Grossoncillustrator  aPascal Robincillustrator